000 00733nam0a22002291 4500
001 v19\rc\1933761
005 20250619190145.0
035 _a(NLR Aleph) 005005303
090 _a6429330
_c6429330
100 _a20080404d1912 |||y0rusy50 ca
101 0 _arus
102 _aRU
105 _ay z |||||
200 1 _aМать
_fД.Г. Булгаковский
210 _aСанкт-Петербург
_cтипо-лит. С.-Петерб. одиночной тюрьмы
_d1912
215 _a8 с.
_d21
700 1 _aБулгаковский
_bД.Г.
_f1845-после 1916
_gДмитрий Гаврилович
801 0 _aRU
_bNLR
_gpsbo
801 1 _aRU
_bProSoft-M
_2rusmarc
852 _aNLR
_j18.285.8.407
942 _cBOOK
980 _aNB